00392nam a2200157Ia 4500008004100000020001800041082001300059100001900072245003600091250000800127260002900135300001100164500002500175650001200200700002200212230524s9999 xx 000 0 und d a9788177587500 a820bQUR aRandolph Quirk 2aA University Grammer of English aIST aNEW DELHIbPearsonc2009 aIX;477 aQuantity Number: 20 aEnglish a Sidney Greenbaum